Majstri tajnej služby /

Hlavní autor: Borovička, V. P. 1920-2004
Další autoři: Medveď, Ján
Jazyk: Slovenština
Vydáno: Bratislava : Epocha, 1969
Vydání: 1. vyd.
Fyzický popis: 475 s. : il. ; 8°
Knihy
Uloženo v:
LEADER 00813nam a22002532a 4500
001 001243597
003 CZ BrMZK
005 20120828211023.0
007 ta
008 120828s1969 xo a er|||||||||||slo d
040 |a ABA001  |b cze  |d ABA001 
041 1 |a slo  |h cze 
100 1 |a Borovička, V. P.  |q (Václav Pavel),  |d 1920-2004  |7 jk01012684  |4 aut 
245 1 0 |a Majstri tajnej služby /  |c Václav Pavel Borovička ; prel. Ján Medveď 
250 |a 1. vyd. 
260 |a Bratislava :  |b Epocha,  |c 1969 
300 |a 475 s. :  |b il. ;  |c 8° 
500 |a Přeloženo z češtiny 
504 |a Obsahuje bibliografii 
700 1 |a Medveď, Ján  |7 jx20040622012  |4 trl 
910 |a BOA001  |b D-0617.432 
990 |a BK 
991 |b 201208 
996 6 |b 2619530815  |c D-0617.432  |l MZK  |r Sklad / do 24 hodin  |n 0  |w 001277585  |u 000010  |a 1  |e BOA001  |j MZK50  |s P